Jesus under fire (Record no. 833)
[ view plain ]
| 000 -LEADER | |
|---|---|
| fixed length control field | 00640nam a2200205Ia 4500 |
| 008 - FIXED-LENGTH DATA ELEMENTS--GENERAL INFORMATION | |
| fixed length control field | 200731s9999 xx 000 0 und d |
| 020 ## - INTERNATIONAL STANDARD BOOK NUMBER | |
| International Standard Book Number | 0310617006 |
| 020 ## - INTERNATIONAL STANDARD BOOK NUMBER | |
| International Standard Book Number | 9780310617006 |
| 041 ## - LANGUAGE CODE | |
| Language code of text/sound track or separate title | eng |
| 050 ## - LIBRARY OF CONGRESS CALL NUMBER | |
| Classification number | BT198 |
| Item number | .J477 1995 |
| 100 ## - MAIN ENTRY--PERSONAL NAME | |
| Personal name | Wilkins, Michael J. |
| 245 ## - TITLE STATEMENT | |
| Title | Jesus under fire |
| Remainder of title | / |
| Statement of responsibility, etc. | Michael J. Wilkins; James Porter Moreland |
| 260 ## - PUBLICATION, DISTRIBUTION, ETC. | |
| Place of publication, distribution, etc. | Grand Rapids, Mich. : |
| Name of publisher, distributor, etc. | Zondervan, |
| Date of publication, distribution, etc. | 1995 |
| 300 ## - PHYSICAL DESCRIPTION | |
| Extent | ix, 243 p. |
| Other physical details | ; |
| Dimensions | 24 cm. |
| 650 ## - SUBJECT ADDED ENTRY--TOPICAL TERM | |
| Topical term or geographic name entry element | Bible. -- New Testament -- Evidences, authority, etc. |
| 650 ## - SUBJECT ADDED ENTRY--TOPICAL TERM | |
| Topical term or geographic name entry element | Jesus Christ -- History of doctrines. |
| 650 ## - SUBJECT ADDED ENTRY--TOPICAL TERM | |
| Topical term or geographic name entry element | Jesus Christ. |
| 700 ## - ADDED ENTRY--PERSONAL NAME | |
| Personal name | Moreland, James Porter |
| Withdrawn status | Lost status | Damaged status | Not for loan | Home library | Current library | Shelving location | Date acquired | Total Checkouts | Full call number | Barcode | Date last seen | Price effective from | Koha item type |
|---|---|---|---|---|---|---|---|---|---|---|---|---|---|
| GETS Theological Seminary Library | GETS Theological Seminary Library | General Stacks | 07/12/2020 | BT198 .J477 1995 | 00000787 | 07/12/2020 | 07/12/2020 | English Books |